00692nam a2200229 a 450000100060000000300090000600500170001500800410003203500410007303500170011404000260013104100080015708200240016510000460018924500410023525000130027626000320028930000240032150000510034550400500039665000160044656824BD-RJUL 20211209080433.0161204s enk 000 0 eng d aCURL 0500B6309981(Lon) from rajwc151 aBD-RjUL56948 aBD-RjULbengcBD-RjUL aeng a100223 bAYP 1954 1 aAyer, A. J.q(Alfred Jules),d1910-1989 .10aPhilosophical essays /cby A.J. Ayer anew ed.  aLondon :bMacmillan,c1954  axi, 289 p. ;c22 cm aOriginally published: London : Macmillan, 1954 aIncludes bibliographical references and index 0aPhilosophy